[Event "ICS rated standard match"]
[Site "204.178.125.65"]
[Date "2000.08.30"]
[Round "?"]
[White "Hossa"]
[Black "alkhateeb"]
[Result "1-0"]
[WhiteElo "2341"]
[BlackElo "2363"]
[PlyCount "43"]
[EventDate "2000.??.??"]

1. e4 c5 2. Nf3 e6 3. d4 cxd4 4. Nxd4 Nc6 5. Nc3 Qc7 6. Be2 a6 7. O-O Nf6 8.
Kh1 Nxd4 9. Qxd4 Bc5 10. Qd3 b5 11. Bf3 Bb7 12. e5 Ng8 13. Bxb7 Qxb7 14. Ne4
Rc8 15. Qg3 g6 16. Qf3 Qc6 17. Rd1 Be7 18. Be3 h5 19. Rd2 Nh6 20. Nf6+ Bxf6 21.
Qxf6 Rh7 22. Bxh6 {alkhateeb resigns} 1-0

[Event "ICS rated standard match"]
[Site "204.178.125.65"]
[Date "2000.08.30"]
[Round "?"]
[White "alkhateeb"]
[Black "Hossa"]
[Result "0-1"]
[WhiteElo "2346"]
[BlackElo "2358"]
[PlyCount "44"]
[EventDate "2000.??.??"]

1. d4 Nf6 2. Nf3 e6 3. Bg5 d6 4. Nbd2 Nc6 5. e4 Be7 6. c3 O-O 7. Bd3 e5 8. d5
Nb8 9. h3 Nxd5 10. exd5 Bxg5 11. Nxg5 Qxg5 12. Qc2 f5 13. g3 e4 14. Be2 e3 15.
Nf3 exf2+ 16. Kxf2 Qh6 17. Rae1 Nd7 18. g4 Qf4 19. g5 Nc5 20. Bd3 Bd7 21. Re7
Rae8 22. Rhe1 Ne4+ {alkhateeb resigns} 0-1

[Event "ICS rated standard match"]
[Site "204.178.125.65"]
[Date "2000.08.30"]
[Round "?"]
[White "Hossa"]
[Black "jyq"]
[Result "0-1"]
[WhiteElo "2373"]
[BlackElo "2166"]
[PlyCount "158"]
[EventDate "2000.??.??"]

1. e4 c5 2. Nf3 d6 3. d4 Nf6 4. Nc3 cxd4 5. Nxd4 a6 6. Bg5 e6 7. f4 Be7 8. Qf3
Nbd7 9. O-O-O Qc7 10. g4 b5 11. Nb3 b4 12. Nb1 Bb7 13. Bd3 a5 14. Nd4 O-O 15.
Nb5 Qb6 16. Qe2 Rac8 17. Nd2 Nc5 18. Bc4 d5 19. exd5 Bxd5 20. Bxd5 Nxd5 21.
Bxe7 Nxe7 22. Kb1 a4 23. Nd4 a3 24. Qb5 Qc7 25. Qxb4 axb2 26. Nb5 Qb8 27. Qxb2
Na4 28. Qb3 Qxb5 29. Qxb5 Nc3+ 30. Kb2 Nxb5 31. c4 Nd6 32. Rc1 Rc5 33. Rhf1
Rfc8 34. a4 h5 35. gxh5 Nef5 36. h6 gxh6 37. Rf2 Ne3 38. Ka2 Rb8 39. Rf3 Nd5
40. Ka3 Nb6 41. Rb3 Nd7 42. Rxb8+ Nxb8 43. Kb3 Nc6 44. Kc3 Kg7 45. Rg1+ Kf6 46.
Rg3 Kf5 47. Rh3 Kxf4 48. Rxh6 Ra5 49. Kb3 Ke3 50. Nb1 Ne4 51. Rh3+ Kd4 52. Rh4
f5 53. Ka3 Kxc4 54. Nd2+ Kd3 55. Nb3 Rd5 56. Rh6 Rd6 57. Rh8 f4 58. Rf8 Ke3 59.
Nc1 f3 60. a5 Nxa5 61. Na2 f2 62. Nb4 Rd1 63. Nc2+ Ke2 64. Ka4 Nc4 65. Rf4 f1=Q
66. Rxf1 Rxf1 67. Nd4+ Kd3 68. Nb3 Rb1 69. h4 Kc3 70. Kb5 Rxb3+ 71. Kc6 Ne5+
72. Kc7 Kd4 73. h5 Rc3+ 74. Kd8 Ra3 75. h6 Ra7 76. Ke8 Nf6+ 77. Kd8 Nc6+ 78.
Kc8 Ne4 79. h7 Nd6# {Hossa checkmated} 0-1

[Event "ICS rated blitz match"]
[Site "204.178.125.65"]
[Date "2000.08.30"]
[Round "?"]
[White "Hossa"]
[Black "QueenMaxima"]
[Result "1-0"]
[WhiteElo "2495"]
[BlackElo "2612"]
[PlyCount "139"]
[EventDate "2000.??.??"]

1. e4 c5 2. Nf3 e6 3. d4 cxd4 4. Nxd4 Nc6 5. Nc3 Qc7 6. Be2 a6 7. O-O Nf6 8.
Kh1 Nxd4 9. Qxd4 Bc5 10. Qd3 h5 11. Qf3 Bd4 12. Bf4 e5 13. Bg5 Bxc3 14. bxc3
Qc6 15. Bxf6 Qxf6 16. Qd3 h4 17. h3 Rh6 18. Rab1 Qc6 19. f4 exf4 20. Rxf4 Kf8
21. Rbf1 f6 22. e5 Qe6 23. Qd4 d5 24. exf6 g5 25. R4f2 Qf7 26. Qe5 Be6 27. Qxg5
Rh7 28. Qe5 Re8 29. g4 hxg3 30. Qd6+ Kg8 31. Qxg3+ Kh8 32. Rh2 Qc7 33. Qxc7
Rxc7 34. Bg4 Bf7 35. Rg2 Rxc3 36. Bf5 Bg8 37. Rg7 Ree3 38. Rfg1 Rxh3+ 39. Bxh3
Rxh3+ 40. Kg2 Rh7 41. Kf3 Rxg7 42. Rxg7 d4 43. Ke4 b5 44. a3 Be6 45. Kxd4 Bh3
46. Ke5 Bf1 47. Rg4 Bc4 48. Rxc4 bxc4 49. Kd4 Kg8 50. f7+ Kxf7 51. Kxc4 Ke6 52.
Kb4 Kd5 53. Ka5 Kd6 54. Kxa6 Kc7 55. a4 Kc6 56. a5 Kc7 57. Kb5 Kb7 58. a6+ Ka7
59. c4 Kb8 60. c5 Kc7 61. c6 Kb8 62. Kc5 Kc8 63. a7 Kd8 64. c7+ Kd7 65. Kd5 Ke7
66. c8=R Kf6 67. a8=Q Kg5 68. Rg8+ Kh4 69. Qb8 Kh5 70. Qh2# 1-0

[Event "ICS rated blitz match"]
[Site "204.178.125.65"]
[Date "2000.08.30"]
[Round "?"]
[White "PostModernist"]
[Black "Hossa"]
[Result "1-0"]
[WhiteElo "2674"]
[BlackElo "2516"]
[PlyCount "211"]
[EventDate "2000.??.??"]

1. e4 c5 2. c3 d5 3. exd5 Qxd5 4. d4 Nf6 5. Nf3 e6 6. Bd3 Be7 7. O-O Nc6 8.
dxc5 O-O 9. Be3 Rd8 10. Bc2 Qh5 11. Nfd2 Qh4 12. Qe2 Ng4 13. h3 Nxe3 14. Qxe3
Bd7 15. Rd1 Qh5 16. Nb3 Bg5 17. Qg3 e5 18. N1d2 Be6 19. Qf3 Qxf3 20. Nxf3 Bf4
21. g3 Bh6 22. Be4 f6 23. Kg2 Rxd1 24. Rxd1 Rc8 25. Bd5 Bxd5 26. Rxd5 Rc7 27.
Rd6 Kf8 28. a4 a6 29. h4 Kg8 30. a5 Kf8 31. c4 Kg8 32. Kh3 Kf7 33. Nh2 f5 34.
Rd5 g5 35. hxg5 Bxg5 36. Nf3 Bf6 37. Nh4 Ne7 38. Rd2 f4 39. Kg4 Rc8 40. Rd7 Rb8
41. Nf5 fxg3 42. Nxg3 Kg6 43. Ne4 h5+ 44. Kh3 Nc6 45. Nxf6 Kxf6 46. Kh4 Kg6 47.
f3 Nb4 48. Nd2 Nc6 49. Rd6+ Kf5 50. Ne4 Kf4 51. Rd3 Nd4 52. Kxh5 Nxf3 53. Nf6
e4 54. Nd5+ Ke5 55. Rd1 Rg8 56. Kh6 Ke6 57. Ne3 Rg3 58. Rd8 Ng5 59. Kh5 Nh7 60.
Nd5 Kf5 61. Kh6 Nf6 62. Nxf6 Kxf6 63. Rd6+ Ke5 64. Kh7 e3 65. Rd7 Kf4 66. Rf7+
Kg4 67. Rxb7 e2 68. Re7 Kf3 69. c6 Rh3+ 70. Kg7 Rh5 71. b4 Rh4 72. c5 Rg4+ 73.
Kf7 Rh4 74. Ke8 Rh8+ 75. Kd7 Rh7 76. Rxh7 e1=Q 77. c7 Qd1+ 78. Ke8 Qe2+ 79. Re7
Qb5+ 80. Kd8 Qxb4 81. c8=Q Qd4+ 82. Qd7 Qh8+ 83. Kc7 Qh2+ 84. Qd6 Qb2 85. Qd3+
Kg2 86. Re2+ Qxe2 87. Qxe2+ Kg3 88. Qf3+ Kh4 89. Qg4+ Kxg4 90. Kb7 Kf5 91. Kxa6
Ke6 92. c6 Kd6 93. Kb7 Kc5 94. a6 Kb5 95. a7 Kc5 96. a8=Q Kd5 97. Qb8 Ke4 98.
Qc7 Ke3 99. Qe5+ Kf3 100. Qf6+ Kg3 101. c7 Kh3 102. c8=Q+ Kg3 103. Qe5+ Kf3
104. Qh3+ Kf2 105. Qf4+ Kg1 106. Qfg3# 1-0

[Event "ICS rated blitz match"]
[Site "204.178.125.65"]
[Date "2000.08.30"]
[Round "?"]
[White "Hossa"]
[Black "PostModernist"]
[Result "1-0"]
[WhiteElo "2507"]
[BlackElo "2691"]
[PlyCount "115"]
[EventDate "2000.??.??"]

1. e4 Nc6 2. d4 d5 3. exd5 Qxd5 4. Nf3 e5 5. Nc3 Bb4 6. Bd2 Bxc3 7. Bxc3 e4 8.
Ne5 Nxe5 9. dxe5 Ne7 10. Qxd5 Nxd5 11. Ba5 Be6 12. c4 Nf4 13. Bxc7 Rc8 14. Bd6
Bxc4 15. Rc1 Be6 16. Rxc8+ Bxc8 17. Kd2 Bf5 18. Bb5+ Kd8 19. Rc1 a6 20. Ba4 Be6
21. Rc7 b5 22. Bb3 g5 23. Bxe6 fxe6 24. Ra7 Re8 25. Rxa6 Kd7 26. Rb6 Ra8 27. a3
Nd3 28. Rxb5 Kc6 29. Rb3 Kd5 30. Ke3 Ra5 31. f3 Nxe5 32. Bxe5 Kxe5 33. fxe4 h5
34. Rc3 Ra8 35. b4 Ra6 36. Rc5+ Kf6 37. Ra5 Rc6 38. Kd3 Rc1 39. a4 Rb1 40. Kc3
Rc1+ 41. Kd4 Rd1+ 42. Kc4 Rd2 43. h4 gxh4 44. Rxh5 Rxg2 45. Rxh4 Kg5 46. Rh1
Kf4 47. Re1 Rc2+ 48. Kd4 e5+ 49. Kd3 Rb2 50. Kc4 Rd2 51. a5 Kf3 52. Kb5 Kf2 53.
Ra1 Kf3 54. a6 Rd8 55. a7 Ra8 56. Ka6 Kxe4 57. Kb7 Rh8 58. Rc1 1-0

[Event "ICS rated blitz match"]
[Site "204.178.125.65"]
[Date "2000.08.30"]
[Round "?"]
[White "counterplay"]
[Black "Hossa"]
[Result "1-0"]
[WhiteElo "2803"]
[BlackElo "2531"]
[PlyCount "95"]
[EventDate "2000.??.??"]

1. e4 g6 2. d4 Bg7 3. Nc3 d6 4. Nf3 Nc6 5. Bb5 a6 6. Bxc6+ bxc6 7. O-O Nf6 8.
e5 Nd5 9. Ne4 O-O 10. c4 Nb6 11. c5 Nd5 12. Qa4 Bf5 13. Re1 Qd7 14. Bd2 Bg4 15.
Neg5 h6 16. h3 Bf5 17. Ne4 Rfb8 18. b3 Rd8 19. Rac1 Rdc8 20. Qc4 a5 21. Ng3 Be6
22. a3 Nf4 23. Qc2 Nxg2 24. Kxg2 Bxh3+ 25. Kg1 d5 26. Kh1 Re8 27. Rg1 Qg4 28.
Qc3 Qc8 29. Ne2 Bf5 30. Rg2 Qd7 31. Nh4 Be4 32. f3 Bf5 33. Nxf5 Qxf5 34. Ng3
Qd7 35. Rcg1 Red8 36. Qd3 Bf8 37. Nf5 Kh7 38. Nxh6 Bxh6 39. Rh2 Kg8 40. Rxg6+
fxg6 41. Qxg6+ Bg7 42. e6 Qxe6 43. Qxe6+ Kf8 44. Bg5 Rd7 45. Rh7 Rad8 46. Bh6
Ke8 47. Qg8+ Bf8 48. Qxf8# 1-0

[Event "ICS rated blitz match"]
[Site "204.178.125.65"]
[Date "2000.08.30"]
[Round "?"]
[White "Hossa"]
[Black "PostModernist"]
[Result "1/2-1/2"]
[WhiteElo "2525"]
[BlackElo "2661"]
[PlyCount "117"]
[EventDate "2000.??.??"]

1. e4 Nc6 2. d4 d5 3. exd5 Qxd5 4. Nf3 e5 5. Nc3 Bb4 6. Bd2 Bxc3 7. Bxc3 e4 8.
Ne5 Nxe5 9. dxe5 Ne7 10. Qxd5 Nxd5 11. Ba5 Be6 12. c4 Nf4 13. Bxc7 Rc8 14. Bd6
Bxc4 15. Rc1 Be6 16. Rxc8+ Bxc8 17. Kd2 Nd5 18. Bc4 Nb6 19. Rc1 Bd7 20. Bb3 Bc6
21. Bc5 h5 22. Rc3 h4 23. Bd4 Rh5 24. g4 hxg3 25. Rxg3 g6 26. e6 fxe6 27. Rxg6
Bd5 28. Rg8+ Kd7 29. Bxb6 axb6 30. Ba4+ Kd6 31. a3 Rxh2 32. Rf8 Kc5 33. Kc3
Rh3+ 34. Kd2 Kd4 35. Bc2 Rf3 36. Rxf3 exf3 37. Ba4 e5 38. Bd7 Kc4 39. Kc2 e4
40. Bf5 b5 41. b4 b6 42. Bg6 Bc6 43. Bf7+ Kd4 44. Kd2 Bd7 45. Bg8 Bh3 46. Bf7
Bf1 47. Bg6 Be2 48. Bf7 Bc4 49. Be8 Kd5 50. Ke3 Bf1 51. Bf7+ Ke5 52. Be8 Bc4
53. Bd7 Be2 54. Bc6 Bd3 55. Bb7 Bb1 56. Bc6 Bd3 57. Bb7 Bc2 58. Bc6 Bd3 59. Bb7
1/2-1/2

[Event "ICS rated blitz match"]
[Site "204.178.125.65"]
[Date "2000.08.30"]
[Round "?"]
[White "PostModernist"]
[Black "Hossa"]
[Result "1-0"]
[WhiteElo "2655"]
[BlackElo "2531"]
[PlyCount "251"]
[EventDate "2000.??.??"]

1. d4 Nf6 2. c4 c5 3. d5 g6 4. Nc3 Bg7 5. e4 d6 6. Be2 e6 7. Nf3 O-O 8. dxe6
fxe6 9. e5 dxe5 10. Qxd8 Rxd8 11. Nxe5 Nd5 12. cxd5 Bxe5 13. dxe6 Bxe6 14. O-O
Nc6 15. Re1 Nb4 16. Bf1 Nd3 17. Bxd3 Bxc3 18. bxc3 Rxd3 19. Bg5 Re8 20. Re3
Rxe3 21. fxe3 Kg7 22. Bf4 Bc4 23. a4 h6 24. h4 b6 25. a5 b5 26. Rd1 Rf8 27.
Rd7+ Rf7 28. Be5+ Kg8 29. Rd8+ Rf8 30. Rxf8+ Kxf8 31. Bd6+ Kg7 32. Bxc5 a6 33.
e4 g5 34. g3 g4 35. Kf2 Kf6 36. Ke3 Kg6 37. Kf4 h5 38. Ke5 Bd3 39. Kd5 Kf6 40.
Bd4+ Kg6 41. e5 Bc4+ 42. Kc6 Kf5 43. Kd6 Be6 44. Be3 Bc4 45. Bf4 Be6 46. Bc1
Bb3 47. Bh6 Bc4 48. Be3 Ke4 49. Bf4 Kf5 50. Bh6 Kg6 51. Bc1 Kf5 52. Bd2 Be6 53.
Bg5 Bc4 54. Bf6 Bd3 55. Bd8 Bc4 56. Bg5 Be6 57. Bf6 Bc4 58. Bh8 Bg8 59. Kc7 Bc4
60. Kd7 Be6+ 61. Ke7 Bc4 62. Bg7 Bd5 63. Kd7 Be6+ 64. Kc7 Bc4 65. Bh8 Ke6 66.
Kc6 Bd5+ 67. Kb6 Bc4 68. Bf6 Kd5 69. Kc7 Ke4 70. Kd7 Kf5 71. Kd8 Ke6 72. Kc8
Kf5 73. Kd7 Bd5 74. Kc7 Ke6 75. Kb8 Bc4 76. Ka7 Be2 77. Kb7 Bc4 78. Kc6 Bd5+
79. Kb6 Bc4 80. Kb7 Kf5 81. Ka7 Ke6 82. Bg7 Be2 83. Kb6 Bc4 84. Kc6 Kf7 85. Bh6
Ke6 86. Bf4 Bd3 87. Kb6 b4 88. cxb4 Bc4 89. Kc5 Bb5 90. Kd4 Ba4 91. Bd2 Bb3 92.
b5 axb5 93. a6 Bd5 94. a7 Bg2 95. Bc3 Kd7 96. Kc5 Bf3 97. Kxb5 Kc7 98. Ba5+ Kb7
99. e6 Bc6+ 100. Kc5 Ba4 101. Bb6 Ka8 102. Kd6 Kb7 103. Ke7 Bc6 104. Bc5 Bd5
105. Kd7 Bc6+ 106. Kd8 Bd5 107. e7 Bc6 108. e8=Q Bxe8 109. Kxe8 Kc6 110. a8=Q+
Kxc5 111. Qe4 Kb6 112. Qc4 Kb7 113. Kd7 Kb6 114. Qd5 Ka7 115. Qa5+ Kb7 116.
Qb5+ Ka7 117. Qb4 Ka6 118. Qa4+ Kb7 119. Qa5 Kb8 120. Qb4+ Ka8 121. Qa3+ Kb7
122. Qb3+ Ka6 123. Qb4 Ka7 124. Kd6 Ka6 125. Kc7 Ka7 126. Qa5# 1-0

[Event "ICS rated blitz match"]
[Site "204.178.125.65"]
[Date "2000.08.30"]
[Round "?"]
[White "Hossa"]
[Black "QueenMaxima"]
[Result "1-0"]
[WhiteElo "2520"]
[BlackElo "2595"]
[PlyCount "269"]
[EventDate "2000.??.??"]

1. e4 c5 2. Nf3 e6 3. d4 cxd4 4. Nxd4 Nc6 5. Nb5 a6 6. Nd6+ Bxd6 7. Qxd6 Nf6 8.
Nc3 Qb6 9. Bd3 Qb4 10. Qg3 O-O 11. a3 Qa5 12. O-O Nh5 13. Qh4 Nf6 14. Bg5 Qe5
15. Bf4 Qc5 16. Be3 Qa5 17. Qg3 Rd8 18. Bg5 Kh8 19. Qh4 Qe5 20. Bf4 Qc5 21. Bc7
Re8 22. Na4 Qd4 23. Nb6 Ra7 24. Nc4 Nd5 25. Bg3 Nde7 26. Nd6 Ng6 27. Qh5 Rf8
28. e5 Nce7 29. b3 f6 30. Rfd1 Qb2 31. Nc4 Qc3 32. f3 Ra8 33. Be4 f5 34. Be1
Qxa1 35. Rxa1 fxe4 36. fxe4 Nf4 37. Qd1 Nc6 38. Bc3 Ng6 39. Nb6 Rb8 40. Nxd7
Bxd7 41. Qxd7 Rfe8 42. Rf1 Re7 43. Qd1 Rd8 44. Qe2 Ngxe5 45. Qh5 Ng6 46. g3
Red7 47. Qg4 e5 48. h4 Rc7 49. h5 Nf8 50. h6 gxh6 51. Qh5 Ng6 52. Qxh6 Rcd7 53.
Kg2 Rg8 54. Rf5 a5 55. Kf2 Rgg7 56. Ke2 Rg8 57. Rh5 Rf7 58. Ke1 Rgg7 59. Rf5
Rd7 60. a4 Nd4 61. Rf2 Nc6 62. Ke2 Rd8 63. Rf5 Re7 64. Kf3 Rc7 65. Rf6 Rg7 66.
Kf2 Rdg8 67. Qh5 Rd8 68. Kg2 Rd6 69. Qg5 Rdd7 70. Rf5 Rd6 71. Kf2 Rd1 72. Qh6
Rdd7 73. Kf1 Nd4 74. Rf2 b6 75. Ke1 Rd8 76. Ba1 Kg8 77. Qh5 Rgd7 78. Bb2 Nc6
79. Ba3 Nd4 80. Kf1 Rc7 81. Bb2 Rxc2 82. Rxc2 Nxc2 83. Bxe5 Rd1+ 84. Kg2 Rd3
85. Bf6 Ne3+ 86. Kf2 Rd6 87. e5 Rd3 88. e6 Rd6 89. Qe2 Nd5 90. Bg5 Nde7 91. g4
Rc6 92. Bh6 Nd5 93. Qf3 Rxe6 94. Qxd5 Kf7 95. Be3 b5 96. Qd7+ Re7 97. Qxb5 Ne5
98. Ke2 Ke6 99. Qb6+ Kf7 100. Qxa5 Ke6 101. Qa6+ Kd5 102. Qc8 Nc6 103. b4 Nd4+
104. Kd3 Nc6 105. b5 Ne5+ 106. Kc3 Rf7 107. b6 Ke4 108. b7 Rxb7 109. Qxb7+ Kxe3
110. Qe7 Ke4 111. Qxe5+ Kxe5 112. a5 Kd5 113. Kb4 Kc6 114. g5 Kc7 115. Kb5 Kb7
116. a6+ Ka7 117. Ka5 Kb8 118. Kb6 Kc8 119. a7 Kd7 120. Kc5 Ke6 121. Kd4 Kf5
122. Kd5 Kxg5 123. Ke5 Kg4 124. a8=Q Kg3 125. Qa3+ Kg4 126. Qc3 h5 127. Ke4 Kh4
128. Qf6+ Kg3 129. Qg5+ Kf2 130. Qh4+ Kg2 131. Ke3 Kg1 132. Qg3+ Kh1 133. Qh3+
Kg1 134. Kf3 h4 135. Qg2# 1-0

[Event "ICS rated blitz match"]
[Site "204.178.125.65"]
[Date "2000.08.30"]
[Round "?"]
[White "Hossa"]
[Black "counterplay"]
[Result "1-0"]
[WhiteElo "2539"]
[BlackElo "2809"]
[PlyCount "99"]
[EventDate "2000.??.??"]

1. e4 e6 2. d4 d5 3. Nc3 Nf6 4. Bg5 dxe4 5. Nxe4 Be7 6. Bxf6 Bxf6 7. Nf3 O-O 8.
Qd2 Nd7 9. Bd3 c5 10. Nxf6+ Qxf6 11. Qg5 cxd4 12. Qxf6 Nxf6 13. Nxd4 e5 14. Nb5
e4 15. Be2 Rd8 16. Rd1 Rxd1+ 17. Kxd1 Bd7 18. Nd6 Be6 19. Kc1 b6 20. Rd1 Rd8
21. Nb5 Rxd1+ 22. Kxd1 a5 23. a3 Ng4 24. Bxg4 Bxg4+ 25. Kd2 Be6 26. Nc7 Bd7 27.
c4 Kh8 28. b4 axb4 29. axb4 Bc6 30. b5 e3+ 31. Kxe3 Bxg2 32. Kd4 Kg8 33. Nd5
Kf8 34. Nxb6 Ke7 35. c5 f6 36. Nd5+ Kd7 37. c6+ Kd6 38. Ne3 Bxc6 39. Nf5+ Kc7
40. bxc6 g6 41. Ne7 Kd6 42. Nd5 Kxc6 43. Nxf6 h6 44. Ng4 h5 45. Ne5+ Kc7 46. h4
Kd6 47. Nxg6 Ke6 48. Nf4+ Kd6 49. Nxh5 Ke6 50. Ng3 {counterplay resigns} 1-0

[Event "ICS rated blitz match"]
[Site "204.178.125.65"]
[Date "2000.08.30"]
[Round "?"]
[White "PostModernist"]
[Black "Hossa"]
[Result "1-0"]
[WhiteElo "2672"]
[BlackElo "2565"]
[PlyCount "101"]
[EventDate "2000.??.??"]

1. d4 Nf6 2. c4 e6 3. Nf3 b6 4. g3 Bb7 5. Bg2 Bb4+ 6. Nc3 O-O 7. O-O d5 8. Ne5
c6 9. Bf4 Nbd7 10. cxd5 Nxe5 11. dxe5 Nxd5 12. Nxd5 exd5 13. Qd3 Re8 14. a3 Be7
15. Qf5 Bc8 16. Qh5 Be6 17. Rfd1 Qd7 18. Bf3 Bf5 19. Rac1 Rad8 20. g4 Bg6 21.
Qh3 f6 22. Qg3 Rf8 23. b4 fxe5 24. Bxe5 Qe6 25. Bc7 Bg5 26. Bxd8 Bxc1 27. Rxc1
Rxd8 28. Qc7 Rd6 29. Qxa7 b5 30. h4 Be8 31. Qc7 Qf6 32. g5 Qf4 33. e3 Qf8 34.
Bg4 h5 35. Bf5 d4 36. exd4 Bf7 37. Be4 Rxd4 38. Qxc6 Be8 39. Qe6+ Bf7 40. Qe5
Qd8 41. Rc5 Rd1+ 42. Kg2 Bc4 43. Qf5 Bf1+ 44. Kg3 Qb8+ 45. f4 Bg2 46. Qh7+ Kf7
47. Rf5+ Ke6 48. Qg6+ Kd7 49. Qxg7+ Kc8 50. Rf8+ Rd8 51. Bf5# {Hossa checkmated
} 1-0

[Event "ICS rated blitz match"]
[Site "204.178.125.65"]
[Date "2000.08.30"]
[Round "?"]
[White "Hossa"]
[Black "PostModernist"]
[Result "0-1"]
[WhiteElo "2554"]
[BlackElo "2683"]
[PlyCount "102"]
[EventDate "2000.??.??"]

1. d4 Nf6 2. c4 c5 3. d5 g6 4. Nc3 Bg7 5. e4 d6 6. Be2 O-O 7. Bg5 a6 8. Qd2 Qa5
9. Nf3 b5 10. cxb5 axb5 11. Nxb5 Nxe4 12. Qxa5 Rxa5 13. Bxe7 Re8 14. Nxd6 Nxd6
15. Bxd6 Ba6 16. Ng1 Bxb2 17. Bc7 Ra4 18. Rb1 Rxa2 19. Kf1 Bd4 20. Bxb8 Rexe2
21. Nxe2 Bxe2+ 22. Kg1 Bd3 23. h3 Bxb1 24. Bg3 Bf5 25. d6 Ra1+ 26. Kh2 Rxh1+
27. Kxh1 f6 28. Kg1 c4 29. Bf4 Be5 30. Bxe5 fxe5 31. Kf1 Kf7 32. f3 c3 33. Ke2
e4 34. fxe4 Bxe4 35. d7 Ke7 36. d8=Q+ Kxd8 37. g3 h5 38. Kd1 g5 39. Kc1 Bf5 40.
Kd1 h4 41. g4 Bxg4+ 42. Kc2 Bf5+ 43. Kb3 c2 44. Kb2 g4 45. Kc3 c1=Q+ 46. Kd4
Qc7 47. Ke3 gxh3 48. Kd4 h2 49. Ke3 h1=Q 50. Kf2 Qc2+ 51. Ke3 Qhe4# {
Hossa checkmated} 0-1

[Event "ICS rated blitz match"]
[Site "204.178.125.65"]
[Date "2000.08.30"]
[Round "?"]
[White "counterplay"]
[Black "Hossa"]
[Result "1-0"]
[WhiteElo "2783"]
[BlackElo "2544"]
[PlyCount "127"]
[EventDate "2000.??.??"]

1. Nf3 d5 2. c4 c6 3. e3 Nf6 4. Nc3 Nbd7 5. cxd5 cxd5 6. d4 e6 7. Bd3 Be7 8.
O-O O-O 9. Bd2 b6 10. Rc1 Bb7 11. Nb5 Ne4 12. a3 a6 13. Nc7 Ra7 14. Qa4 Nxd2
15. Nxd2 Kh8 16. b4 Nf6 17. Rc2 Bd6 18. Rfc1 Qb8 19. g3 b5 20. Qa5 Rd8 21. Qb6
Be7 22. Nf3 Rd6 23. Qa5 Bd8 24. Ne5 Kg8 25. a4 Ne8 26. axb5 axb5 27. Qxb5 Bxc7
28. Rxc7 Nxc7 29. Rxc7 Rd8 30. Rxf7 Ba8 31. Bxh7+ Kxh7 32. Qd3+ Kg8 33. Qg6
Rxf7 34. Qxf7+ Kh7 35. Qg6+ Kg8 36. Qxe6+ Kh7 37. Nf7 g6 38. f4 Qc8 39. Nxd8
Qxd8 40. g4 Qf8 41. b5 Qg8 42. Qxg8+ Kxg8 43. h4 Kg7 44. b6 Bb7 45. Kf2 Kf6 46.
Ke1 Bc6 47. Kd2 Kg7 48. Kc2 Bb7 49. Kc3 Ba8 50. Kb4 Kf7 51. Kc5 Ke6 52. h5 gxh5
53. gxh5 Ke7 54. h6 Kf7 55. f5 Bb7 56. Kd6 Kg8 57. f6 Kf7 58. h7 Ba6 59. h8=Q
Kg6 60. Ke5 Kg5 61. f7 Bc4 62. f8=Q Bd3 63. Qf4+ Kg6 64. Qff6# {
Hossa checkmated} 1-0

[Event "ICS rated blitz match"]
[Site "204.178.125.65"]
[Date "2000.08.30"]
[Round "?"]
[White "Hossa"]
[Black "PostModernist"]
[Result "0-1"]
[WhiteElo "2538"]
[BlackElo "2693"]
[PlyCount "92"]
[EventDate "2000.??.??"]

1. d4 Nf6 2. Nf3 g6 3. Bg5 Bg7 4. Nbd2 d5 5. e3 O-O 6. Be2 c5 7. dxc5 Nfd7 8.
c4 Bxb2 9. Rb1 Bg7 10. cxd5 h6 11. Bf4 Nxc5 12. Bc4 Bf5 13. e4 Nxe4 14. Nxe4
Bxe4 15. Rxb7 Nd7 16. Qe2 Nf6 17. O-O Bxd5 18. Bxd5 Nxd5 19. Be5 Qc8 20. Bxg7
Qxb7 21. Bxf8 Rxf8 22. Qd2 h5 23. Re1 Rc8 24. Qh6 Qb2 25. a3 Qxa3 26. Ne5 e6
27. Nf3 Qb2 28. Rf1 a5 29. Qg5 a4 30. Qh6 a3 31. Ng5 Nf6 32. Nxe6 Ng4 33. Qg7+
Qxg7 34. Nxg7 a2 35. Nf5 gxf5 36. f3 Ne5 37. Rd1 Nd3 38. Rxd3 a1=Q+ 39. Kf2 f4
40. Rd2 Qa7+ 41. Ke2 Qe3+ 42. Kd1 Qb3+ 43. Ke2 Re8+ 44. Kf1 Qb1+ 45. Rd1 Qxd1+
46. Kf2 Qe1# {Hossa checkmated} 0-1

[Event "ICS rated blitz match"]
[Site "204.178.125.65"]
[Date "2000.08.30"]
[Round "?"]
[White "mid"]
[Black "Hossa"]
[Result "0-1"]
[WhiteElo "2335"]
[BlackElo "2529"]
[PlyCount "44"]
[EventDate "2000.??.??"]

1. e4 e5 2. Nf3 Nc6 3. Bc4 Bc5 4. d3 Nf6 5. Nc3 d6 6. Bg5 h6 7. Bxf6 Qxf6 8.
Nd5 Qd8 9. c3 Ne7 10. d4 Nxd5 11. dxc5 Nf4 12. g3 Ng2+ 13. Kd2 Bg4 14. h3 Bh5
15. Rg1 dxc5+ 16. Ke2 Qf6 17. g4 Nf4+ 18. Kf1 Bg6 19. Rg3 Bxe4 20. Qe1 Bxf3 21.
Rxf3 O-O-O 22. Kg1 h5 {mid resigns} 0-1

[Event "ICS Rated standard match"]
[Site "204.178.125.65"]
[Date "2000.08.30"]
[Round "?"]
[White "Hossa"]
[Black "nitmo"]
[Result "1-0"]
[WhiteElo "2335"]
[BlackElo "1960"]
[PlyCount "77"]
[EventDate "2000.??.??"]

1. e4 e5 2. Nf3 Nc6 3. Bc4 Nf6 4. Ng5 d5 5. exd5 Na5 6. Bb5+ c6 7. dxc6 bxc6 8.
Be2 h6 9. Nf3 e4 10. Ne5 Qd4 11. f4 Bc5 12. Rf1 Qd8 13. c3 Nd5 14. Qa4 O-O 15.
b4 Qh4+ 16. Kd1 Rd8 17. Kc2 Qxh2 18. bxc5 Qxg2 19. Re1 Bf5 20. Qxa5 Qf2 21.
Nxc6 Qxe1 22. Bb5 e3+ 23. Kb2 Nxf4 24. Ne7+ Kh8 25. Nxf5 Rab8 26. Nd6 Nd3+ 27.
Kc2 Qxc1+ 28. Kxd3 exd2 29. Nxd2 Qxa1 30. Bc4 h5 31. Qxa7 h4 32. Qxf7 Qd1 33.
Bb3 Qg4 34. Be6 Qd1 35. Qf4 Qh5 36. Nf3 h3 37. Kc4 h2 38. Nf7+ Qxf7 39. Qxh2+ {
nitmo resigns} 1-0

[Event "ICS rated blitz match"]
[Site "204.178.125.65"]
[Date "2000.08.31"]
[Round "?"]
[White "Hossa"]
[Black "MissSilicon"]
[Result "1/2-1/2"]
[WhiteElo "2537"]
[BlackElo "2717"]
[PlyCount "283"]
[EventDate "2000.??.??"]

1. e4 e5 2. Nf3 Nf6 3. Nxe5 d6 4. Nf3 Nxe4 5. d4 d5 6. Bd3 Be7 7. O-O Nc6 8.
Re1 Nd6 9. c3 O-O 10. Qc2 f5 11. Nbd2 Ne4 12. Qb3 Rf7 13. Nf1 b6 14. Bf4 Na5
15. Qc2 Bh4 16. Nxh4 Qxh4 17. g3 Qh5 18. Ne3 c6 19. Qd1 Qg6 20. b4 Nb7 21. c4
Be6 22. cxd5 Bxd5 23. Nxd5 cxd5 24. Qb3 Rd8 25. Ba6 Qf6 26. Be5 Qh6 27. f3 Ng5
28. h4 Ne6 29. Qc3 f4 30. Bxb7 Rxb7 31. Qc6 Rf7 32. Bxf4 Nxf4 33. Qxh6 gxh6 34.
gxf4 Rxf4 35. Rad1 Rxf3 36. Re7 a5 37. bxa5 bxa5 38. Rd2 Rf4 39. h5 Kh8 40. Ra7
Rg8+ 41. Rg2 Rxd4 42. Rxa5 Rg5 43. Ra8+ Kg7 44. Ra7+ Kf8 45. Rxg5 hxg5 46. Rxh7
Rh4 47. h6 d4 48. a4 d3 49. Rd7 Rxh6 50. Rxd3 Ke7 51. a5 Ra6 52. Ra3 Kd6 53.
Ra4 Kc6 54. Rg4 Rxa5 55. Rc4+ Kd5 56. Rg4 Ke6 57. Re4+ Kf5 58. Re3 g4 59. Rg3
Kf4 60. Rd3 g3 61. Rd4+ Kf3 62. Rd3+ Kg4 63. Rd1 Kh3 64. Re1 Rb5 65. Rf1 Rb3
66. Re1 g2 67. Rd1 Rf3 68. Re1 Rd3 69. Rc1 Ra3 70. Rd1 Rb3 71. Rc1 Rd3 72. Re1
Rc3 73. Rd1 Re3 74. Rc1 Kg3 75. Rb1 Kf3 76. Rc1 Rd3 77. Rb1 Rc3 78. Re1 Rb3 79.
Rc1 Ra3 80. Re1 Ra2 81. Rd1 Ke4 82. Re1+ Kf5 83. Rd1 Re2 84. Rd5+ Kf4 85. Rd4+
Kg5 86. Rc4 Rd2 87. Rc5+ Kf4 88. Rc4+ Kf5 89. Rc5+ Kg4 90. Rc3 Rd1+ 91. Kxg2
Rd2+ 92. Kh1 Kf4 93. Kg1 Ke4 94. Kh1 Kf5 95. Re3 Kf4 96. Rh3 Kg5 97. Kg1 Kg4
98. Re3 Kf5 99. Kh1 Kf4 100. Rh3 Re2 101. Kg1 Kg4 102. Rh1 Kg3 103. Kf1 Rf2+
104. Ke1 Rc2 105. Kd1 Ra2 106. Rg1+ Kf4 107. Ke1 Kf3 108. Rg5 Re2+ 109. Kf1 Rd2
110. Kg1 Kf4 111. Rh5 Kg4 112. Re5 Rc2 113. Kh1 Kf4 114. Rh5 Re2 115. Kg1 Kg3
116. Kf1 Rd2 117. Ke1 Rc2 118. Kf1 Rf2+ 119. Kg1 Rg2+ 120. Kf1 Rb2 121. Ke1 Kf4
122. Kf1 Rc2 123. Kg1 Ke4 124. Kh1 Rd2 125. Kg1 Rd6 126. Kh1 Kf3 127. Kh2 Kg4
128. Re5 Rd2+ 129. Kg1 Kf4 130. Rh5 Rc2 131. Kh1 Kg4 132. Re5 Rd2 133. Kg1 Kf3
134. Kh1 Kf4 135. Re1 Rb2 136. Kg1 Kf3 137. Kh1 Rd2 138. Kg1 Rd7 139. Kf1 Rd5
140. Kg1 Rg5+ 141. Kf1 Rh5 142. Kg1 1/2-1/2

[Event "ICS rated blitz match"]
[Site "204.178.125.65"]
[Date "2000.08.31"]
[Round "?"]
[White "ban"]
[Black "Hossa"]
[Result "1-0"]
[WhiteElo "2857"]
[BlackElo "2545"]
[PlyCount "77"]
[EventDate "2000.??.??"]

1. d4 d5 2. c4 dxc4 3. e4 e5 4. Nf3 exd4 5. Bxc4 Bb4+ 6. Nbd2 Nc6 7. O-O Nf6 8.
e5 Nd5 9. Nb3 Nb6 10. Bg5 Be7 11. Bxe7 Qxe7 12. Bb5 Bd7 13. Bxc6 Bxc6 14. Nfxd4
Bd5 15. Qg4 g6 16. Rfe1 h5 17. Qh3 O-O 18. Qg3 Nc4 19. Nf5 Qb4 20. e6 Nxb2 21.
exf7+ Kh7 22. Qg5 Rxf7 23. Qh6+ Kg8 24. Qxg6+ Kf8 25. Qxh5 Rxf5 26. Qxf5+ Bf7
27. Re4 Qc3 28. Nd4 Nd3 29. Ne6+ Ke7 30. Ng5+ Ne5 31. Rxe5+ Qxe5 32. Qxe5+ Kd7
33. Rd1+ Kc6 34. Qc3+ Kb5 35. Rb1+ Bb3 36. a4+ Ka6 37. Qd3+ Bc4 38. Qxc4+ Ka5
39. Qb5# {Hossa checkmated} 1-0